| 000 | 01662nam a22002297a 4500 | ||
|---|---|---|---|
| 999 |
_c59065 _d59065 |
||
| 003 | Ge_BSU | ||
| 005 | 20221115164104.0 | ||
| 008 | 221115s1999 ge ||||| |||| 00| 0 geo d | ||
| 041 | _ageo | ||
| 080 | _a347.22(479.22) ზ-78 | ||
| 100 |
_aზოიძე, ბესარიონ _915839 |
||
| 245 |
_aსანივთო სამართალი / _cბესარიონ ზოიძე ; რედ.: ლადო ჭანტურია, ზურაბ ახვლედიანი ; საქ. მეცნ. აკად. სახელმწიფოსა და სამართლის ინ-ტი, კერძო სამართლის ინ-ტი, იუსტიციის სასწ. ცენტრი. |
||
| 264 |
_aთბილისი : _b უფლება, _c1999. |
||
| 300 |
_a332 გვ. ; _b20 სმ. |
||
| 504 | _aბიბლიოგრ. ტექსტის შენიშვნებში | ||
| 653 | _aსაქართველოს სანივთო სამართალი | ||
| 700 |
_aჭანტურია, ლადო, _eრედაქტორი _915840 |
||
| 700 |
_aახვლედიანი, ზურაბ _eრედაქტორი _9807 |
||
| 710 |
_aსაქ. მეცნ. აკად. სახელმწიფოსა და სამართლის ინ-ტი. _bკერძო სამართლის ინ-ტი. იუსტიციის სასწ. ცენტრი _915841 |
||
| 856 |
_uhttps://dspace.nplg.gov.ge/bitstream/1234/409510/1/Sanivto_Samartali_1999.pdf _yელ. ვერსია. pdf |
||
| 942 |
_2udc _cBK |
||